| 000 | 01098nam0a22002291 4500 | ||
|---|---|---|---|
| 001 | rc\2973224 | ||
| 005 | 20260407112357.0 | ||
| 035 | _a(NLR Aleph) 007119165 | ||
| 090 |
_a6845301 _c6845301 |
||
| 100 | _a20110908d1934 |||y0rusy50 ca | ||
| 101 | 0 | _arus | |
| 102 | _aRU | ||
| 105 | _ay z ||||| | ||
| 200 | 1 | _aТаблицы для исчисления окладов подоходного налога с рабочих и служащих (и приравненных к ним лиц) предприятиями, учреждениями и организациями по ставкам закона о подоходном налоге, утвержденном ЦИК и СНК СССР - 17 мая 1934 года | |
| 210 |
_aМосква _cМоск. гор. финанс. отд. _d1934 _gОбразцовая тип. |
||
| 215 |
_a12 с. _d22х15 см |
||
| 710 | 0 | 2 |
_aМосковский городской финансовый отдел _3RU\NLR\AUTH\8810064403 _9630394 |
| 801 | 0 |
_aRU _bNLR _gpsbo |
|
| 801 | 1 |
_aRU _bELAR _2rusmarc |
|
| 852 |
_aNLR _j34-10/2858 |
||
| 942 | _cBOOK | ||
| 980 | _aNB | ||